Το κόκκινο βιβλιαράκι του κειμενογράφου : οδηγός για τη σωστή χρήση της ελληνικής γλώσσας στην επικοινωνία

Αποθηκεύτηκε σε:
Λεπτομέρειες βιβλιογραφικής εγγραφής
Άλλοι συγγραφείς: Σφυρόερα, Σοφία Ν., 1956-, Γιωτγιάννης, Ηρακλής, Ξενάκη, Χρύσα
Μορφή: Βιβλίο
Γλώσσα:Greek
Δημοσίευση: Αθήνα : Ένωση Εταιριών Διαφήμισης & Επικοινωνίας Ελλάδος, c2009.
Θέματα:
Ετικέτες: Προσθήκη ετικέτας
Δεν υπάρχουν, Καταχωρήστε ετικέτα πρώτοι!

MARC

LEADER 00000nam a2200000 a 4500
001 1/126896
008 230620s2009####gr | ||| |||| ||gre||
020 |a 9789609884105 
040 |a GR-MyUa  |b gre  |c GR-MyUa  |e AACR2 
041 0 |a gre 
082 7 |a 489.3   |2 (23) 
245 0 3 |a Το κόκκινο βιβλιαράκι του κειμενογράφου :   |b οδηγός για τη σωστή χρήση της ελληνικής γλώσσας στην επικοινωνία /   |c συντακτική ομάδα Σοφία Σφυροέρα, Ηρακλής Γιωτγιάννης, Χρύσα Ξενάκη. 
260 |a Αθήνα :   |b Ένωση Εταιριών Διαφήμισης & Επικοινωνίας Ελλάδος,   |c c2009. 
300 |a 351 σ. ;   |c 22 εκ. 
650 0 |a Greek language, Modern  |x Usage. 
650 0 |a Greek language, Modern  |x Grammar. 
700 1 |a Σφυρόερα, Σοφία Ν.,   |d 1956- 
700 1 |a Γιωτγιάννης, Ηρακλής. 
700 1 |a Ξενάκη, Χρύσα. 
852 |a INST  |b SYROS  |e 20230615  |h 489.3 ΚΟΚ  |p 005500015988  |q 005500015988  |t BK  |y 0 
970 |a Κοντού  |b Παρασκευή  |z 20/06/2023